| 000 | 00745cab a2200265 4500 | ||
|---|---|---|---|
| 001 | ABS55222 | ||
| 008 | 090401t1996 xxu||||| |||| 00| 0 eng d | ||
| 035 | _a(Sirsi) u14913 | ||
| 041 | _aeng | ||
| 100 | _aSeidl, A. | ||
| 245 | _aLeisure gets the nod | ||
| 260 | _c1996 | ||
| 350 | _a0 | ||
| 490 |
_aEstates Gazette _v(9619) 11 May 1996, 36-37(2) |
||
| 520 | _aReports on the growing leisure park sector and opportunities for leisure property developers. | ||
| 650 | _aLEISURE PARK DEVELOPMENT | ||
| 650 | _aLEISURE PARKS | ||
| 650 | _aLEISURE PROPERTY DEVELOPERS | ||
| 650 | _aLEISURE PROPERTY | ||
| 650 | _aLEISURE SECTOR | ||
| 650 | _aMARKET GROWTH | ||
| 690 | _aLEISURE AND RECREATION | ||
| 942 | _n0 | ||
| 948 | _c04/03/1997 | ||
| 999 |
_c9736 _d9736 |
||